000 00651nam a2200193Ii 4500
003 JO-AjNU
008 230605s9999||||xx |||||||||||||| ||und||
040 _aJO-AjNU
_bara
_erda
_cJO-AjNU
041 _aara
050 1 4 _aHM37 .M8
100 3 _aمحجوب ، محمد عبده,
_eauthor
_916333
245 0 0 _aالاتجاه السوسيو انثروبولوجي في دراسة المجتمع
264 3 1 _aالكويت: وكالة المطبوعات
300 _a151ص
336 _atext
_btxt
_2rdacontent
337 _aunmediated
_bn
_2rdamedia
338 _avolume
_bnc
_2rdacarrier
650 4 _aانثروبولوجيا اجتماعية 
_916334
999 _aA4815
_c8383
_d8383